| 000 | 00561nam a22002177a 4500 | ||
|---|---|---|---|
| 003 | OSt | ||
| 005 | 20150520174710.0 | ||
| 008 | 150520b xxu||||| |||| 00| 0 eng d | ||
| 020 | _a0727912623 | ||
| 040 | _cDLC | ||
| 082 | _aWW 140 K47a 1999 | ||
| 100 |
_aKhaw P T _94760 |
||
| 245 |
_aABC of Eyes / _cP T Khaw, A R Elkington |
||
| 250 | _a3rd ed. | ||
| 260 |
_aLondon: _bBMJ Publishing Group; _c1999. |
||
| 300 |
_a61 p: _bco.ill _c29 cm |
||
| 504 | _aIncludes index | ||
| 650 |
_aABC of the eye _94761 |
||
| 700 |
_aElkington A R _94762 |
||
| 942 |
_2z _cSLOAN |
||
| 999 |
_c1807 _d1807 |
||